Normal view
MARC view
- Williams, Dudley.H, Fleming, Ian
Entry Personal Name
001 - CONTROL NUMBER
- control field: 57019
003 - CONTROL NUMBER IDENTIFIER
- control field: NUST
005 - DATE AND TIME OF LATEST TRANSACTION
- control field: 20210628201831.0
008 - FIXED-LENGTH DATA ELEMENTS
- fixed length control field: 210628|| aca||aabn | a|a d
040 ## - CATALOGING SOURCE
- Original cataloging agency: NUST
- Transcribing agency: NUST
100 ## - HEADING--PERSONAL NAME
- Personal name: Williams, Dudley.H, Fleming, Ian
670 ## - SOURCE DATA FOUND
- Source citation: Work cat.: (NUST): Williams, Dudley.H, Fleming, Ian, Spectroscopic methods in organic chemistry, 1995
